Novels and stories

This two-volume set brings together for the first time all of Hurston's best works: four novels, two books of folklore, and the first complete edition of her famous autobiography, Dust Tracks on a Road.

সংরক্ষণ করুন:
গ্রন্থ-পঞ্জীর বিবরন
প্রধান লেখক: Hurston, Zola Neal
বিন্যাস: গ্রন্থ
ভাষা:Undetermined
প্রকাশিত: New York, NY The Library of America 1995
বিষয়গুলি:
ট্যাগগুলো: ট্যাগ যুক্ত করুন
কোনো ট্যাগ নেই, প্রথমজন হিসাবে ট্যাগ করুন!
Thư viện lưu trữ: Trung tâm Học liệu Trường Đại học Cần Thơ
LEADER 00749nam a2200205Ia 4500
001 CTU_125561
008 210402s9999 xx 000 0 und d
020 |c 23.10 
082 |a 813.52 
082 |b H966 
100 |a Hurston, Zola Neal 
245 0 |a Novels and stories 
245 0 |c Zola Neal Hurston ; Edited by Cheryl A. Wall 
260 |a New York, NY 
260 |b The Library of America 
260 |c 1995 
520 |a This two-volume set brings together for the first time all of Hurston's best works: four novels, two books of folklore, and the first complete edition of her famous autobiography, Dust Tracks on a Road. 
650 |a Afro-American fiction 
904 |i Minh 
980 |a Trung tâm Học liệu Trường Đại học Cần Thơ